Cargando...

Gramasreekal. /

Detalles Bibliográficos
Autor Principal: Madhavi Amma K
Formato: Printed Book
Idioma:Malayalam
Publicado: 1959.
LEADER 00309nam a2200109Ia 4500
008 150624b ii ||||| |||| 00| 0 mal d
100 |a Madhavi Amma K 
245 |a Gramasreekal. / 
260 |c 1959. 
942 |c BK 
999 |c 62243  |d 62243 
952 |0 0  |1 0  |4 0  |7 0  |9 62220  |a UL  |b UL  |c ST1  |d 2012-10-27  |l 0  |p G1253  |r 2012-10-27  |w 2012-10-27  |y BK